Papal Names - Sudden Death - Statistics

General Stats
  • This quiz has been taken 44,908 times
    43,285 since last reset
  • The average score is 9 of 20
Answers on the Grid
Answers color-coded by a green-red scale on the quiz's grid according to % correct below.
Adrian
Alexander
Augustine
Benedict
Boniface
Celestine
Clement
Crispin
Francis
Gregory
Hilarius
Innocent
John
Jude
Julius
Leo
Louis
Luke
Mary
Mellitus
Nilus
Patrick
Paul
Peter
Pius
Sixtus
Stephen
Sylvester
Thomas
Urban
 
Answer Stats
Answer % Correct
Benedict
73%
Francis
69%
Leo
69%
John
62%
Innocent
57%
Pius
56%
Paul
54%
Gregory
53%
Clement
52%
Urban
51%
Peter
48%
Boniface
46%
Alexander
43%
Sixtus
36%
Adrian
29%
Celestine
23%
Julius
23%
Stephen
23%
Sylvester
19%
Hilarius
13%
No matching quizzes found
Score Distribution
Percent of People with Each Score
Percentile by Number Answered
Your Score History
You have not taken this quiz since the last reset